Hàn Mạc Tử tác phẩm và dư luận

Đã lưu trong:
Sonraí Bibleagrafaíochta
Formáid: Leabhar
Teanga:Undetermined
Foilsithe: H. Văn Học 2002
Ábhair:
Clibeanna: Cuir Clib Leis
Gan Chlibeanna, Bí ar an gcéad duine leis an taifead seo a chlibeáil!
Thư viện lưu trữ: Trung tâm Học liệu Trường Đại học Cần Thơ
LEADER 00463nam a2200169Ia 4500
001 CTU_54515
008 210402s9999 xx 000 0 und d
020 |b 38000 
082 |a 895.922109 
082 |b H105 
245 0 |a Hàn Mạc Tử tác phẩm và dư luận 
260 |a H. 
260 |b Văn Học 
260 |c 2002 
650 |a vietnamese poetry 
650 |x history and criticism 
980 |a Trung tâm Học liệu Trường Đại học Cần Thơ